Nedoceněný event controlling
Úloha a dôležitosť event controllingu. Rozdelenie event controllingu z hľadiska procesného. Posúdenie výsledkov event marketingu z marketingového hľadiska.
Na minha lista:
| Autor principal: | |
|---|---|
| Formato: | Capítulo de Livro |
| Idioma: | tcheco |
| Assuntos: | |
| Tags: |
Sem tags, seja o primeiro a adicionar uma tag!
|
MARC
| LEADER | 00000naa$a2200000$$$4500 | ||
|---|---|---|---|
| 001 | 0006248 | ||
| 005 | 20231018123904.6 | ||
| 041 | 0 | |a cze | |
| 044 | |a CZ | ||
| 245 | 1 | 0 | |a Nedoceněný event controlling |c aut. Petr Šindler |
| 520 | |a Úloha a dôležitosť event controllingu. Rozdelenie event controllingu z hľadiska procesného. Posúdenie výsledkov event marketingu z marketingového hľadiska. | ||
| 610 | 2 | 0 | |a kontroling |
| 610 | 2 | 0 | |a marketing |
| 610 | 2 | 0 | |a stratégia marketingová |
| 100 | 1 | |a Šindler, Petr | |